Cuadernos americanos : la revista del Nuevo Mundo /

Guardado en:
Detalles Bibliográficos
Otros autores: Silva Herzog, Jesús (dirección) (dirección)
Formato: Libro
Idioma:Español
Temas:
Etiquetas: Agrega una etiqueta
Sin etiquetas, Sé el primero en etiquetar este registro!

MARC

LEADER 00000nam^a2200000^a^4500
001 000111958
005 20250521000000.0
009 20260310093851.595
037 |a Acervo ITESO - Biblioteca 
041 |a ESP 
082 |a 980. 005  |b CUA 1964 V. 5 
240 1 1 |a [Cuadernos americanos] 
245 1 0 |a Cuadernos americanos :  |b la revista del Nuevo Mundo /  |c Dir. de J. Silva Herzog. 
264 |a México :  |b Cuadernos Americanos,  |c 1964 
300 |a XV, 306 p. 
336 |a texto  |b txt  |2 rdacontenido 
337 |a sin mediación  |b n  |2 rdamedio 
338 |a volumen  |b nc  |2 rdasoporte 
649 |a XX 
650 |a América -  |x Historia -  |x Publicaciones Periódicas 
650 |a Publicaciones Periódicas Mexicanas 
650 |a Gobierno Federal -  |z Chile -  |x Historia 
650 |a Caciquismo -  |z España -  |x Historia 
650 |a Política Internacional 
650 |a Estética 
650 |a Filosofía -  |z Perú 
650 |a Conquistadores 
650 |a Poesía 
650 |a Novela Histórica -  |z México 
650 |a Novela 
650 |a Teatro Mexicano 
650 |a Tupac, Yupanqui 
700 |a Silva Herzog, Jesús  |e (dirección) 
910 |a Fondo Salvador Reynoso Reynoso 
920 |a Impresos - Libros 
930 |a Fondos Especiales 
905 |a 112 
901 |a 0800001189  |b IT2  |c ESP  |u 20250521 
902 |a https://opac.biblio.iteso.mx/vufind/Record/000111958